000
00342nam a2200133Ia 4500
008
240624s9999 xx 000 0 und d
041
_a
eng
082
_a
659.1 STE
100
_a
STEEL JON
245
_a
TRUTH LIES AND ADVERTISING THE ART OF AC
260
_c
1998
_a
New Delhi
_b
John Wiley & Sons
300
_a
298 , p. , 24 , cm.
365
_c
999
_c
31767
_d
31767